Statistics for MLB The Show Team Affinity

Click here to take the quiz!

General Stats

  • This quiz has been taken 33 times
  • The average score is 7 of 150

Answer Stats

HintAnswer% Correct
Aaron Judge
52%
YankeesGiancarlo Stanton
33%
Gerrit Cole
30%
Mickey Mantle
26%
Rafael Devers
26%
Fernando Tatis Jr.
19%
Gregory Soto
19%
Joe Torre
19%
Juan Soto
19%
Brandon Lowe
15%
Freddie Freeman
15%
Nate Lowe
15%
Jacob Degrom
11%
DiamondbacksKetel Marte
11%
Lou Gehrig
11%
Matt Olson
11%
Ozzie Albies
11%
Trea Turner
11%
Brandon Crawford
7%
Cedric Mullins
7%
C.J. Cron
7%
BravesDansby Swanson
7%
AngelsDavid Fletcher
7%
Edger Martinez
7%
Edward Cabrera
7%
Hank Aaron
7%
Jake Cronenworth
7%
J.D. Martinez
7%
J.T. Realmuto
7%
DodgersMax Muncy
7%
GiantsMike Yastrzemski
7%
Nelson Cruz
7%
RoyalsSalvador Perez
7%
Savaldor Perez
7%
PadresTrent Grisham
7%
Walter Johnson
7%
Willie Mays
7%
Red SoxsXander Bogaerts
7%
PhillesAndrew McCutchen
4%
Berry Larkin
4%
Bob Gibson
4%
Blue JaysBo Bichette
4%
Bryan Reynolds
4%
Corbin burnes
4%
Dante Bichette
4%
David Price
4%
MetsDominic Smith
4%
Emmanuel Clase
4%
Frank Thomas
4%
Greg Maddux
4%
Honus Wagner
4%
Ivan Rodriguez
4%
CardinalsJack Flaherty
4%
Jared Walsh
4%
Jason Giambi
4%
CubsJason Heyward
4%
Jim Edmonds
4%
RangersJoey Gallo
4%
Johnny Damon
4%
Jose Ramirez
4%
Josh Hader
4%
Julio Rodriguez
4%
Marco Luciano
4%
Marcus Semien
4%
Micheal Brantley
4%
Nick Castellanos
4%
Paul Goldschmidt
4%
Ryan Mountcastle
4%
MarlinsSixto Sanchez
4%
White SoxsTim Anderson
4%
Tom Seaver
4%
Tony Gwynn
4%
Torii Hunter
4%
Trevor Hoffman
4%
Wade Boggs
4%
RaysWilly Adams
4%
Zack Wheeler
4%
Adam Frazier
0%
Adley Rutschman
0%
Adolis Garcia
0%
Alex Reyes
0%
OriolesAnthony Santander
0%
Bob Feller
0%
Brandon Webb
0%
Bret Saberhagn
0%
Brice Turniag
0%
Cal Ripken Jr.
0%
Chris Taylor
0%
Cliff Lee
0%
Craig Biggio
0%
Craig Kimbrel
0%
Duke Snider
0%
Eddie Matthews
0%
Eduardo Escobar
0%
Frankie Montas
0%
IndiansFranmil Reyes
0%
Garrett Crochet
0%
Gary Carter
0%
Gary Shefield
0%
RockiesGerman Marquez
0%
Hal Newhouser
0%
Isaac Paredes
0%
Jackson Rutledge
0%
Jeimer Candelario
0%
AthleticsJesus Luzardo
0%
Jimme Foxx
0%
Jimmy Rolins
0%
Jim Thome
0%
Johnathan India
0%
Johnny Bench
0%
John Olerud
0%
Jordan Balazovic
0%
Jordan Groshans
0%
Jorge Polanco
0%
TwinsJose Berrios
0%
Josiah Grey
0%
PiratesKe'bryan Hayes
0%
BrewersKestin Hiura
0%
Kevin Gausman
0%
MarinersKyle Lewis
0%
Kyle Tucker
0%
Lance Lynn
0%
RedsLuis Castillo
0%
Luis Gonzales
0%
Marcus Stroman
0%
Mark Prior
0%
Mike Zunio
0%
Mitch Haniger
0%
TigersNiko Goodrum
0%
NationalsPatrick Corbin
0%
Patrick Wisdom
0%
Paul Moliter
0%
Quinn Priester
0%
Rasial Iglesias
0%
Robert Puasan
0%
Ronny Mauricio
0%
Roy Oswalt
0%
Sam Huff
0%
Sandy Alcantara
0%
Shane McClanahan
0%
Teoscar Hernandez
0%
Trever Rodgers
0%
Vinny Castilla
0%
Yoan Moncada
0%
AstrosYordan Alverez
0%
Yusei Kikuchi
0%

Score Distribution

Percentile by Number Answered

Percent of People with Each Score

Your Score History

You have not taken this quiz